[Event "Bled Olympiad"]
[Site "Bled SLO"]
[Date "2002.11.10"]
[EventDate "2002.10.26"]
[Round "14"]
[Result "0-1"]
[White "Jonny Hector"]
[Black "Gennadi Timoshchenko"]
[WhiteElo "2590"]
[BlackElo "2509"]
[PlyCount "112"]

1. e4 e5 2. Nf3 Nc6 3. Nc3 Nf6 4. g3 d5 5. exd5 Nxd5 6. Bg2
Nxc3 7. bxc3 Bd6 8. O-O O-O 9. Rb1 Rb8 10. d4 Bf5 11. Nh4 Bd7
12. f4 exf4 13. Bxf4 Bxf4 14. Rxf4 Ne7 15. Rf2 b5 16. Qh5 Rb6
17. Rbf1 g6 18. Qc5 Bc6 19. Re1 Bxg2 20. Nxg2 Nd5 21. Re5 Nf6
22. Re1 Nd5 23. Rfe2 Rd6 24. Ne3 a6 25. Ng4 h5 26. Nf2 h4
27. Re5 hxg3 28. hxg3 Nf6 29. Qa3 Kg7 30. Qc1 Rh8 31. Qf4 Rh5
32. Rf1 Nd5 33. Qd2 Qh8 34. Qe2 Rf6 35. Rxh5 Qxh5 36. Qxh5
gxh5 37. Re1 Nxc3 38. Re5 Nxa2 39. Rc5 Rf3 40. Nd3 Rxg3+
41. Kf2 Rg4 42. Ke3 h4 43. Rxc7 h3 44. Rxf7+ Kxf7 45. Ne5+ Ke6
46. Nxg4 Kd5 47. Kd3 Nb4+ 48. Kc3 a5 49. Nf6+ Ke6 50. Ng4 Kf5
51. Nh2 Kf4 52. Kb3 Nd5 53. c4 a4+ 54. Ka3 bxc4 55. Kxa4 c3
56. Kb3 Kg3 0-1

[Event "Bled Olympiad"]
[Site "Bled SLO"]
[Date "2002.11.10"]
[EventDate "2002.10.26"]
[Round "14"]
[Result "1/2-1/2"]
[White "Aleksander Delchev"]
[Black "Suat Atalik"]
[WhiteElo "2560"]
[BlackElo "2575"]
[PlyCount "87"]

1. c4 e6 2. Nf3 d5 3. d4 Nf6 4. g3 dxc4 5. Bg2 Nc6 6. Qa4 Bb4+
7. Bd2 Nd5 8. Bxb4 Ndxb4 9. O-O Rb8 10. Na3 a6 11. Ne5 O-O
12. Nxc6 Nxc6 13. Qxc4 Qxd4 14. Bxc6 Qxc4 15. Nxc4 bxc6 16. b3
Rb5 17. Rfc1 Rd8 18. Rc2 e5 19. f3 f6 20. Rac1 Kf7 21. Kf2 Bb7
22. Rc3 Ba8 23. e4 a5 24. a4 Rc5 25. Ke3 Bb7 26. Nb2 Rxc3+
27. Rxc3 Rb8 28. Kd2 Bc8 29. Rxc6 Rxb3 30. Rxc7+ Kg6 31. Kc2
Rb8 32. Ra7 Bh3 33. Nd3 Bf1 34. Nc5 Bg2 35. Rxa5 Bxf3 36. Rb5
Rd8 37. a5 Be2 38. Ne6 Bxb5 39. Nxd8 Kg5 40. h3 g6 41. Ne6+
Kh5 42. Nc7 Bc6 43. Kd3 f5 44. exf5 1/2-1/2

[Event "Bled Olympiad"]
[Site "Bled SLO"]
[Date "2002.11.10"]
[EventDate "2002.10.26"]
[Round "14"]
[Result "1/2-1/2"]
[White "Ioannis Papaioannou"]
[Black "Aleksej Aleksandrov"]
[WhiteElo "2587"]
[BlackElo "2621"]
[PlyCount "24"]

1. d4 Nf6 2. Nf3 e6 3. Bf4 b6 4. e3 Bb7 5. Bd3 Be7 6. h3 O-O
7. O-O c5 8. c3 d5 9. Nbd2 Ba6 10. Bxa6 Nxa6 11. Qe2 Qc8
12. Rad1 Qb7 1/2-1/2

[Event "Bled Olympiad"]
[Site "Bled SLO"]
[Date "2002.11.10"]
[EventDate "2002.10.26"]
[Round "14"]
[Result "1-0"]
[White "Viktor Kupreichik"]
[Black "Angelos Vouldis"]
[WhiteElo "2485"]
[BlackElo "2526"]
[PlyCount "63"]

1. e4 c5 2. Ne2 d6 3. g3 g6 4. Bg2 Bg7 5. c3 Nf6 6. d4 Qc7
7. Na3 O-O 8. O-O Nc6 9. h3 a6 10. Be3 b5 11. dxc5 dxc5
12. Bxc5 Bb7 13. Qc2 Rfc8 14. Rac1 e5 15. Rfd1 Bh6 16. Rb1 Nd7
17. Bd6 Qb6 18. b4 Nd4 19. Nxd4 exd4 20. Rxd4 Bg7 21. Rd3 Bxc3
22. Qb3 Bd4 23. Rbd1 Bxf2+ 24. Kh2 Nf6 25. Be5 Bxe4 26. Bxf6
Bxd3 27. Rxd3 Qxf6 28. Bxa8 Bg1+ 29. Kh1 Rc1 30. Rf3 Qe7
31. Rxf7 Bd4+ 32. Rf1+ 1-0

[Event "Bled Olympiad"]
[Site "Bled SLO"]
[Date "2002.11.10"]
[EventDate "2002.10.26"]
[Round "14"]
[Result "0-1"]
[White "Nenad Sulava"]
[Black "Tahir Vakhidov"]
[WhiteElo "2551"]
[BlackElo "2545"]
[PlyCount "78"]

1. Nf3 Nf6 2. c4 g6 3. Nc3 d5 4. cxd5 Nxd5 5. Qa4+ Bd7 6. Qh4
Nxc3 7. Qd4 f6 8. Qxc3 Nc6 9. b4 a6 10. e4 e5 11. a3 Bg4
12. Bb2 Bh6 13. Rd1 Nd4 14. Be2 Bxf3 15. Bxf3 Qd7 16. Qc4
O-O-O 17. Bxd4 Qxd4 18. Qe6+ Kb8 19. O-O Qd6 20. Qf7 Bxd2
21. h4 Qf8 22. Qa2 Qh6 23. g3 Rd4 24. Qe6 Qf8 25. Kg2 h5
26. Rb1 Qg8 27. Qh3 Qc4 28. Rfd1 Rhd8 29. Qh1 f5 30. Qf1 fxe4
31. Be2 Qd5 32. Kh2 Rf8 33. Qg2 Bc3 34. Rbc1 Rxd1 35. Rxd1 Bd4
36. Bf1 Qb3 37. Rd2 Rf3 38. Re2 Qf7 39. Qh3 Bxf2 0-1

[Event "Bled Olympiad"]
[Site "Bled SLO"]
[Date "2002.11.10"]
[EventDate "2002.10.26"]
[Round "14"]
[Result "0-1"]
[White "Ramachandran Ramesh"]
[Black "Throstur Thorhallsson"]
[WhiteElo "2475"]
[BlackElo "2443"]
[PlyCount "156"]

1. e4 e6 2. d4 d5 3. Nd2 dxe4 4. Nxe4 Nd7 5. Nf3 Ngf6 6. Nxf6+
Nxf6 7. c3 Be7 8. Bd3 O-O 9. O-O c5 10. dxc5 Bxc5 11. Qe2 b6
12. Bf4 Bb7 13. Rad1 Qc8 14. Be5 Be7 15. Nd4 Rd8 16. Rfe1 a6
17. a4 Qd7 18. Bc2 Qd5 19. f3 Qc5 20. Qf2 Nd7 21. Bf4 Rac8
22. Qg3 Nf8 23. Be3 Qh5 24. Qf2 Bh4 25. g3 Bg5 26. f4 Bf6
27. f5 e5 28. Nb3 Nd7 29. Rd2 Qg4 30. Qe2 Qxe2 31. Rdxe2 b5
32. axb5 axb5 33. Bd3 Bd5 34. Nd2 Rb8 35. Ra1 Be7 36. Ra5 Bc6
37. Ra6 Bb7 38. Ra7 b4 39. Be4 Bxe4 40. Nxe4 bxc3 41. bxc3 Nf6
42. Nxf6+ Bxf6 43. c4 Rbc8 44. Bb6 Rd1+ 45. Kg2 g6 46. fxg6
hxg6 47. c5 Rc6 48. g4 Kg7 49. Rf2 g5 50. Rb7 e4 51. Re2 Bd4
52. Rxe4 Rf6 53. Rxd4 Rxd4 54. Bc7 Rxg4+ 55. Bg3 Rc6 56. Kf3
Rc4 57. Bd6 Ra6 58. Rb3 Kg6 59. Ke3 f5 60. Kd3 Raa4 61. Rb8 f4
62. Rg8+ Kf6 63. Rf8+ Ke6 64. Rg8 Rd4+ 65. Kc3 Kf5 66. Be7 g4
67. Rg5+ Ke6 68. Bd6 f3 69. Re5+ Kd7 70. Rf5 Kc6 71. Kb3 Rab4+
72. Kc3 Rbc4+ 73. Kb3 Kb5 74. Rf8 Rd3+ 75. Kb2 Re4 76. Kc2 Kc4
77. Bg3 Re2+ 78. Kc1 Kc3 0-1

[Event "Bled Olympiad"]
[Site "Bled SLO"]
[Date "2002.11.10"]
[EventDate "2002.10.26"]
[Round "14"]
[Result "0-1"]
[White "Surya Shekhar Ganguly"]
[Black "Helgi Ass Gretarsson"]
[WhiteElo "2531"]
[BlackElo "2508"]
[PlyCount "86"]

1. e4 e5 2. Nf3 Nc6 3. Bb5 a6 4. Ba4 d6 5. c3 Bd7 6. d4 Nf6
7. O-O Qe7 8. d5 Nb8 9. Qc2 c6 10. c4 b5 11. dxc6 Bxc6
12. cxb5 axb5 13. Bb3 Nxe4 14. Nc3 Nc5 15. Bd5 Qb7 16. Rd1 b4
17. Bxc6+ Nxc6 18. Nd5 b3 19. Qc4 Ra4 20. Qc3 bxa2 21. Bg5 f6
22. Be3 Nb3 23. Nb6 Nxa1 24. Nxa4 Nb3 25. Nb6 a1=Q 26. Rxa1
Nxa1 27. b4 d5 28. b5 Ne7 29. Qxa1 d4 30. Nc4 Nd5 31. Bd2 Bc5
32. Qa4 O-O 33. Na5 Qf7 34. Qc4 Bb6 35. Nc6 Re8 36. Qa2 Nc7
37. Qa3 Qc4 38. Qd6 Qxb5 39. h3 Kh8 40. Nb4 Bc5 41. Qxc7 Bxb4
42. Bxb4 Qxb4 43. Nh4 Qe1+ 0-1

[Event "Bled Olympiad"]
[Site "Bled SLO"]
[Date "2002.11.10"]
[EventDate "2002.10.26"]
[Round "14"]
[Result "1-0"]
[White "Ziaur Rahman"]
[Black "Eugenio Torre"]
[WhiteElo "2523"]
[BlackElo "2523"]
[PlyCount "103"]

1. Nf3 d6 2. d4 Bg4 3. c4 g6 4. e4 Bxf3 5. Qxf3 e5 6. d5 Bh6
7. Nd2 Nd7 8. Bd3 Ngf6 9. O-O O-O 10. Rb1 a5 11. b3 Nh5
12. Rd1 Ng7 13. Qh3 Bg5 14. Bb2 f5 15. exf5 gxf5 16. Nf3 Be7
17. Bc2 Qe8 18. Re1 Qf7 19. Kh1 Qh5 20. Qxh5 Nxh5 21. Nd4 Ng7
22. f4 e4 23. g4 fxg4 24. Rxe4 Bf6 25. Ne6 Nc5 26. Nxf8 Nxe4
27. Nxh7 Bxb2 28. Bxe4 Bd4 29. Rd1 Bb2 30. Rg1 Re8 31. Ng5 Kf8
32. Rxg4 Ke7 33. Rg2 Ba1 34. Bg6 Rh8 35. Nh7 Nh5 36. Re2+ Kd8
37. Bxh5 Rxh7 38. Re8+ Kd7 39. Re1 Bc3 40. Bg4+ Kd8 41. Re6
Rf7 42. f5 Re7 43. Rh6 Re1+ 44. Kg2 Ke7 45. h4 Bg7 46. Rg6 Bf6
47. h5 Ra1 48. h6 Rxa2+ 49. Kh3 Be5 50. Re6+ Kf8 51. Bh5 Kg8
52. f6 1-0

[Event "Bled Olympiad"]
[Site "Bled SLO"]
[Date "2002.11.10"]
[EventDate "2002.10.26"]
[Round "14"]
[Result "1-0"]
[White "Colin A McNab"]
[Black "Gadir Guseinov"]
[WhiteElo "2406"]
[BlackElo "2513"]
[PlyCount "87"]

1. c4 g6 2. Nc3 Bg7 3. g3 c5 4. Bg2 Nc6 5. Nf3 e6 6. d4 cxd4
7. Nb5 d5 8. cxd5 exd5 9. Nbxd4 Nge7 10. O-O O-O 11. Be3 Re8
12. Rc1 Bg4 13. h3 Bxf3 14. Bxf3 Ne5 15. b3 Nxf3+ 16. Nxf3 Nf5
17. Bf4 Qa5 18. Rc7 Re7 19. Rxe7 Nxe7 20. a4 Nc6 21. Qd3 d4
22. Rc1 Re8 23. Qb5 Qb6 24. Kf1 Re7 25. Qxb6 axb6 26. b4 h6
27. b5 Na5 28. Nd2 Re6 29. Rc8+ Kh7 30. h4 Bf6 31. Nc4 Nxc4
32. Rxc4 g5 33. hxg5 hxg5 34. Bc7 Kg6 35. g4 Bg7 36. Ke1 f5
37. Kd2 fxg4 38. Bg3 Kf5 39. Kd3 Re7 40. Rc7 Rxc7 41. Bxc7 Be5
42. Bxb6 g3 43. fxg3 Bxg3 44. a5 1-0

[Event "Bled Olympiad"]
[Site "Bled SLO"]
[Date "2002.11.10"]
[EventDate "2002.10.26"]
[Round "14"]
[Result "0-1"]
[White "Petr Kostenko"]
[Black "Henrique Mecking"]
[WhiteElo "2501"]
[BlackElo "2548"]
[PlyCount "102"]

1. e4 c5 2. Nf3 Nc6 3. d4 cxd4 4. Nxd4 Nf6 5. Nc3 e5 6. Ndb5
d6 7. Bg5 a6 8. Na3 b5 9. Bxf6 gxf6 10. Nd5 f5 11. c3 Bg7
12. exf5 Bxf5 13. Nc2 Ne7 14. Nxe7 Kxe7 15. a4 Qb6 16. Nb4 Be6
17. Nd5+ Bxd5 18. Qxd5 Ra7 19. Bd3 bxa4 20. Bc4 Rf8 21. O-O
Qc5 22. Qd3 Rb8 23. Rxa4 Rxb2 24. Qxh7 Kf8 25. Qh4 Rb8 26. Ba2
Qxc3 27. Rg4 e4 28. Rxe4 Qd2 29. Bc4 d5 30. Rg4 dxc4 31. Rxg7
Kxg7 32. Qg3+ Kh7 33. Qxb8 Rd7 34. Qb1+ Kg7 35. g3 c3 36. Rc1
Qb2 37. Qc2 f6 38. Kg2 Rd2 39. Qf5 Qxc1 40. Qg4+ Kf7 41. Qc4+
Ke7 42. Qe4+ Kd6 43. Qf4+ Kc5 44. Qc7+ Kb4 45. Qb6+ Ka3
46. Qxa6+ Kb2 47. Qb6+ Ka1 48. Qxf6 Qb2 49. Qa6+ Qa2 50. Qf1+
Kb2 51. Qb5+ Qb3 0-1

[Event "Bled Olympiad"]
[Site "Bled SLO"]
[Date "2002.11.10"]
[EventDate "2002.10.26"]
[Round "14"]
[Result "1/2-1/2"]
[White "Rafael Duailibe Leitao"]
[Black "Darmen Sadvakasov"]
[WhiteElo "2548"]
[BlackElo "2538"]
[PlyCount "125"]

1. e4 c5 2. Nf3 d6 3. d4 cxd4 4. Nxd4 Nf6 5. Nc3 a6 6. Be3 e5
7. Nb3 Be6 8. f3 Nbd7 9. g4 b5 10. g5 b4 11. Ne2 Nh5 12. Qd2
a5 13. Ng3 Nxg3 14. hxg3 a4 15. Nc1 Qa5 16. Nd3 d5 17. exd5
Bxd5 18. Bh3 Bc6 19. O-O-O b3 20. Qxa5 Rxa5 21. cxb3 axb3
22. axb3 Nc5 23. Bxc5 Bxc5 24. Rhe1 f6 25. b4 Ra1+ 26. Kd2
Rxd1+ 27. Rxd1 Bb6 28. Rc1 Bxf3 29. Rc8+ Bd8 30. Nc5 fxg5
31. Ne6 Ke7 32. Nxg5 Bb7 33. Rb8 Bd5 34. Kd3 h6 35. Ne4 Rf8
36. Bg2 Bc7 37. Rxf8 Kxf8 38. Bh3 Ke7 39. Nc3 Bc6 40. Bf5 Be8
41. Be4 Kd6 42. Bf3 Ke6 43. b5 h5 44. Bc6 Bg6+ 45. Be4 Be8
46. Bc6 Bxc6 47. bxc6 Kd6 48. Ke4 Kxc6 49. Nd5 Bd6 50. Ne3 g5
51. Nc4 g4 52. Ne3 Kc5 53. Nf5 Bc7 54. Ng7 h4 55. gxh4 g3
56. Ne6+ Kd6 57. Ng5 g2 58. Nh3 Bb6 59. h5 Ke6 60. h6 Kf6
61. h7 Kg7 62. Kxe5 Kxh7 63. Ke4 1/2-1/2

[Event "Bled Olympiad"]
[Site "Bled SLO"]
[Date "2002.11.10"]
[EventDate "2002.10.26"]
[Round "14"]
[Result "1-0"]
[White "Viorel Iordachescu"]
[Black "Leif Erlend Johannessen"]
[WhiteElo "2567"]
[BlackElo "2534"]
[PlyCount "75"]

1. e4 e5 2. Nf3 Nc6 3. Bb5 Nf6 4. O-O Nxe4 5. d4 Nd6 6. Bxc6
dxc6 7. dxe5 Ne4 8. Qe2 Bf5 9. Rd1 Qc8 10. Rd4 Nc5 11. Be3 Ne6
12. Rd2 Be7 13. Nc3 O-O 14. Rad1 Re8 15. h3 Bg6 16. Nh2 Nf8
17. f4 h5 18. Nf3 h4 19. Qf2 Bh5 20. Rf1 Ng6 21. Nd4 Rd8
22. Ne4 c5 23. Nb3 Rxd2 24. Nbxd2 b6 25. f5 Nxe5 26. f6 gxf6
27. Nxf6+ Bxf6 28. Qxf6 Qe6 29. Qxh4 Bg6 30. Bg5 Nd7 31. Re1
Qd5 32. Re7 Nf8 33. Bf6 Nh7 34. Bc3 Qg5 35. Qe1 Bxc2 36. Nf3
Qd5 37. Qg3+ Bg6 38. Ne5 1-0

[Event "Bled Olympiad"]
[Site "Bled SLO"]
[Date "2002.11.10"]
[EventDate "2002.10.26"]
[Round "14"]
[Result "1/2-1/2"]
[White "Sampsa Nyysti"]
[Black "Mikhail Rytshagov"]
[WhiteElo "2410"]
[BlackElo "2503"]
[PlyCount "41"]

1. e4 e5 2. Nf3 Nf6 3. Nxe5 d6 4. Nf3 Nxe4 5. d4 d5 6. Bd3 Be7
7. O-O Nc6 8. c4 Nb4 9. Be2 O-O 10. Nc3 Be6 11. Ne5 f6 12. Nf3
Re8 13. Bf4 Bf8 14. a3 Nxc3 15. bxc3 Nc6 16. Qa4 Qd7 17. cxd5
Bxd5 18. Bc4 Bxc4 19. Qxc4+ Kh8 20. Nd2 Bd6 21. Bg3 1/2-1/2

[Event "Bled Olympiad"]
[Site "Bled SLO"]
[Date "2002.11.10"]
[EventDate "2002.10.26"]
[Round "14"]
[Result "1/2-1/2"]
[White "Rui Damaso"]
[Black "Larry Christiansen"]
[WhiteElo "2427"]
[BlackElo "2566"]
[PlyCount "82"]

1. e4 c5 2. Nf3 d6 3. d4 cxd4 4. Nxd4 Nf6 5. Nc3 g6 6. Be3 Bg7
7. f3 Nc6 8. Qd2 Bd7 9. O-O-O Rc8 10. Kb1 Ne5 11. f4 Neg4
12. Bg1 O-O 13. h3 Rxc3 14. Qxc3 Nxe4 15. Qe1 Ngf6 16. g4 d5
17. Be2 Qc7 18. g5 Ne8 19. Be3 N8d6 20. h4 Rc8 21. Ka1 Nf5
22. Nxf5 Bxf5 23. Bd4 Bxd4 24. Rxd4 Qxc2 25. Rxd5 Ng3 26. Rd2
Qc7 27. Rg1 Qxf4 28. Bd3 Bxd3 29. Rxd3 Nf5 30. h5 gxh5 31. Rf1
Qg4 32. a3 e6 33. Qd2 Kg7 34. Rc3 Rxc3 35. Qxc3+ Qd4 36. Qf3
Kg6 37. Qxb7 h4 38. Qa8 Kg7 39. Qf3 Kg6 40. Qa8 Kg7 41. Qf3
Kg6 1/2-1/2

[Event "Bled Olympiad"]
[Site "Bled SLO"]
[Date "2002.11.10"]
[EventDate "2002.10.26"]
[Round "14"]
[Result "0-1"]
[White "Luis Galego"]
[Black "Boris Gulko"]
[WhiteElo "2506"]
[BlackElo "2594"]
[PlyCount "49"]

1. e4 c5 2. Nf3 e6 3. Nc3 a6 4. g3 b5 5. Bg2 Bb7 6. d3 d6
7. O-O Be7 8. Be3 Nc6 9. h3 Nf6 10. g4 O-O 11. Nh2 d5 12. g5
d4 13. gxf6 Bxf6 14. Ng4 dxe3 15. Nxf6+ Qxf6 16. fxe3 Qe5
17. Qg4 Ne7 18. a3 Ng6 19. Rf2 f5 20. Qg5 Rae8 21. Raf1 Rf6
22. exf5 Bxg2 23. Qxg2 Nh4 24. Qg5 Rg6 25. Qg4 0-1

[Event "Bled Olympiad"]
[Site "Bled SLO"]
[Date "2002.11.10"]
[EventDate "2002.10.26"]
[Round "14"]
[Result "0-1"]
[White "Mohamad Naser Al Sayed"]
[Black "Darryl K Johansen"]
[WhiteElo "2435"]
[BlackElo "2512"]
[PlyCount "108"]

1. e4 e6 2. d4 d5 3. Nc3 Bb4 4. e5 b6 5. Qg4 Bf8 6. Bg5 Qd7
7. Bb5 c6 8. Bd3 h6 9. Qh4 Ba6 10. Bxa6 Nxa6 11. Nge2 Nc7
12. g4 Ne7 13. Be3 c5 14. f4 Nc6 15. O-O-O Be7 16. Qf2 cxd4
17. Nxd4 Nxd4 18. Bxd4 h5 19. h3 O-O-O 20. f5 hxg4 21. hxg4
Kb7 22. Qf3 Rdf8 23. f6 gxf6 24. exf6 Bd6 25. g5 Rhg8 26. Be3
Be5 27. Ne2 Ne8 28. Nf4 Qc6 29. Rh7 Nc7 30. Nd3 Bd6 31. Qh5
Qe8 32. Bd4 e5 33. Bxe5 Bxe5 34. Re1 Bf4+ 35. Kd1 Qa4 36. Qg4
Rxg5 37. Qxf4 Qxf4 38. Nxf4 Rf5 39. Nh5 Kc6 40. Re7 Nb5 41. a4
Nd6 42. Rxa7 Rg8 43. Rg7 Rh8 44. Ng3 Rf2 45. b4 Rhh2 46. Rg8
Rhg2 47. Ke1 d4 48. Rg5 b5 49. axb5+ Nxb5 50. Re7 Rxc2 51. Kf1
Rcf2+ 52. Ke1 Rb2 53. Kf1 d3 54. Ne4 Rxg5 0-1

[Event "Bled Olympiad"]
[Site "Bled SLO"]
[Date "2002.11.10"]
[EventDate "2002.10.26"]
[Round "14"]
[Result "1/2-1/2"]
[White "Maris Krakops"]
[Black "Mert Erdogdu"]
[WhiteElo "2530"]
[BlackElo "2318"]
[PlyCount "66"]

1. e4 c5 2. Nf3 d6 3. d4 cxd4 4. Nxd4 Nf6 5. Nc3 a6 6. Rg1 b5
7. g4 e6 8. g5 Nfd7 9. a3 Bb7 10. Rg3 Nb6 11. f4 N8d7 12. f5
e5 13. Nb3 Rc8 14. Qh5 Be7 15. Bd2 g6 16. Qh6 Bf8 17. Qh3 Na4
18. Nxa4 bxa4 19. Ba5 Qe7 20. Nd2 Rxc2 21. f6 Qe6 22. Qxe6+
fxe6 23. Bc3 Nc5 24. Bd3 Rxc3 25. bxc3 d5 26. Rb1 Bd6 27. Bc2
Bc6 28. Rh3 O-O 29. Rb6 Rc8 30. Rh4 Bf8 31. Nf3 Bd6 32. Nd2
Bf8 33. Nf3 Bd6 1/2-1/2

[Event "Bled Olympiad"]
[Site "Bled SLO"]
[Date "2002.11.10"]
[EventDate "2002.10.26"]
[Round "14"]
[Result "1/2-1/2"]
[White "Fernando Peralta"]
[Black "Rashid Khouseinov"]
[WhiteElo "2478"]
[BlackElo "2331"]
[PlyCount "61"]

1. Nf3 f5 2. g3 b6 3. Bg2 Bb7 4. O-O Nf6 5. c4 e6 6. b3 Be7
7. Bb2 O-O 8. Nc3 Ne4 9. Qc2 Bf6 10. d4 Na6 11. Rfd1 Qe7
12. a3 d6 13. d5 Nxc3 14. Bxc3 Bxc3 15. Qxc3 e5 16. b4 Rae8
17. a4 Nb8 18. a5 Nd7 19. axb6 axb6 20. Ra7 Rb8 21. Nd2 Nf6
22. e4 fxe4 23. Nxe4 Nxe4 24. Bxe4 Bc8 25. Qe3 Bh3 26. Bg2
Bxg2 27. Kxg2 Rf7 28. f3 Rbf8 29. Rf1 g5 30. Qe4 Kg7 31. Raa1
1/2-1/2

[Event "Bled Olympiad"]
[Site "Bled SLO"]
[Date "2002.11.10"]
[EventDate "2002.10.26"]
[Round "14"]
[Result "0-1"]
[White "Pablo Ricardi"]
[Black "Jamshed Isaev"]
[WhiteElo "2544"]
[BlackElo "2440"]
[PlyCount "98"]

1. Nf3 Nf6 2. c4 g6 3. Nc3 d5 4. cxd5 Nxd5 5. e4 Nxc3 6. dxc3
Qxd1+ 7. Kxd1 f6 8. Be3 e5 9. Nd2 Nd7 10. Bb5 c6 11. Ba4 Bc5
12. Ke2 Bxe3 13. Kxe3 Nb6 14. Bb3 a5 15. a3 Ke7 16. g3 Be6
17. Bxe6 Kxe6 18. f4 Rhd8 19. fxe5 fxe5 20. Ke2 Na4 21. Nf3 h6
22. Rab1 Nc5 23. Nh4 g5 24. Nf5 Nxe4 25. Nxh6 Nf6 26. h4 g4
27. Rhf1 Rd7 28. Rbd1 Rxd1 29. Kxd1 Rd8+ 30. Ke2 Rd7 31. Nf5
Nh5 32. Ke1 Rd3 33. Rf2 Nxg3 34. Ng7+ Kd5 35. h5 Ne4 36. Rf8
Re3+ 37. Kf1 Rf3+ 38. Rxf3 gxf3 39. h6 Ng5 40. Nh5 Kc4 41. Nf6
Kb3 42. Ne4 Nf7 43. Nc5+ Kxb2 44. Nxb7 a4 45. h7 Kxa3 46. Nd8
Nh8 47. Nxc6 e4 48. c4 Kb3 49. c5 Kc4 0-1

[Event "Bled Olympiad"]
[Site "Bled SLO"]
[Date "2002.11.10"]
[EventDate "2002.10.26"]
[Round "14"]
[Result "1/2-1/2"]
[White "Hubert Mossong"]
[Black "Dario Alzate"]
[WhiteElo "2200"]
[BlackElo "2432"]
[PlyCount "104"]

1. e4 e6 2. d4 d5 3. Nc3 Bb4 4. exd5 exd5 5. Bd3 Nc6 6. Nge2
Nge7 7. O-O Bg4 8. f3 Bf5 9. Be3 Qd7 10. a3 Bxc3 11. Nxc3 O-O
12. Re1 Rfe8 13. Qd2 Bxd3 14. Qxd3 Nf5 15. Bf2 Nce7 16. Re2
Ng6 17. Rae1 Rxe2 18. Qxe2 c6 19. a4 h5 20. Qd2 f6 21. Nd1 Kf7
22. Ne3 Nge7 23. b3 Nxe3 24. Qxe3 Nf5 25. Qd3 h4 26. Re2 g6
27. Re1 Re8 28. Rxe8 Qxe8 29. Kf1 Qb8 30. Kg1 Qf4 31. Qd1 g5
32. h3 Ne7 33. Qe1 Qc7 34. Qc3 Nf5 35. Qd3 Ke6 36. Qe2+ Kd7
37. Qd3 Qf4 38. Qd1 Ne3 39. Qd2 Nf5 40. Qxf4 gxf4 41. Kf1 Ng3+
42. Ke1 b6 43. Kd2 Ke6 44. Kd3 Kf5 45. a5 Kg5 46. a6 Nf5
47. c4 Ne3 48. Bxe3 fxe3 49. cxd5 cxd5 50. Kxe3 f5 51. f4+ Kf6
52. Kf3 Kg6 1/2-1/2

[Event "Bled Olympiad"]
[Site "Bled SLO"]
[Date "2002.11.10"]
[EventDate "2002.10.26"]
[Round "14"]
[Result "0-1"]
[White "Meilis Annaberdiev"]
[Black "Susanto Megaranto"]
[WhiteElo "2305"]
[BlackElo "2420"]
[PlyCount "88"]

1. d4 d5 2. Nf3 Nf6 3. Bf4 c6 4. Nbd2 Bf5 5. e3 e6 6. Bd3 Bg6
7. Ne5 Nbd7 8. Nxg6 hxg6 9. h3 Be7 10. Qe2 c5 11. c3 Rc8
12. O-O O-O 13. Nf3 Re8 14. Rfd1 c4 15. Bc2 b5 16. a3 Qb6
17. Ne5 Bd6 18. e4 dxe4 19. Nxd7 Nxd7 20. Bxd6 Qxd6 21. Bxe4
a5 22. Bf3 Nb6 23. Re1 Red8 24. Qc2 Rb8 25. Re5 Nd7 26. Rg5
Qf4 27. Qc1 Qxc1+ 28. Rxc1 Rdc8 29. Rc2 Kh7 30. Re2 Nf8 31. a4
f5 32. h4 bxa4 33. d5 Re8 34. dxe6 Rxe6 35. Rd2 Reb6 36. g4
Ne6 37. Kg2 Rxb2 38. Rd1 Nxg5 39. hxg5 Rb1 40. Rd4 a3 41. Bd5
Rd8 42. gxf5 Rxd5 43. Rxd5 a2 44. Rd6 gxf5 0-1

[Event "Bled Olympiad"]
[Site "Bled SLO"]
[Date "2002.11.10"]
[EventDate "2002.10.26"]
[Round "14"]
[Result "1-0"]
[White "Luis Valenzuela Fuentealba"]
[Black "Jose Manuel Dominguez"]
[WhiteElo "2423"]
[BlackElo "2323"]
[PlyCount "89"]

1. d4 Nf6 2. c4 d6 3. Nf3 Nbd7 4. Nc3 c6 5. g3 e5 6. Bg2 Be7
7. O-O O-O 8. e4 Re8 9. h3 a6 10. d5 cxd5 11. cxd5 b5 12. Ne1
b4 13. Na4 a5 14. Nd3 Ba6 15. Be3 Bf8 16. Re1 Rc8 17. b3 Qc7
18. Rc1 Qb7 19. Qd2 Bb5 20. Ndb2 Rxc1 21. Rxc1 Rc8 22. f3 Nh5
23. Kh2 Rxc1 24. Qxc1 f5 25. g4 fxg4 26. hxg4 Nf4 27. Bf1 Bxf1
28. Qxf1 Qb8 29. Nd3 Nxd3 30. Qxd3 h5 31. gxh5 Qe8 32. Qf1 Nf6
33. Nb6 Nxh5 34. Qh3 Qb5 35. Nc4 Nf6 36. Qe6+ Kh8 37. Qc8 Kg8
38. Qe6+ Kh8 39. Qf7 Nh7 40. Kg2 a4 41. Bf2 axb3 42. axb3 Qa6
43. Qe8 Kg8 44. Qe6+ Kh8 45. Nxe5 1-0

[Event "Bled Olympiad"]
[Site "Bled SLO"]
[Date "2002.11.10"]
[EventDate "2002.10.26"]
[Round "14"]
[Result "1/2-1/2"]
[White "Oscar de la Riva Aguado"]
[Black "Erald Dervishi"]
[WhiteElo "2515"]
[BlackElo "2513"]
[PlyCount "33"]

1. e4 e5 2. Nf3 Nc6 3. Nc3 Nf6 4. g3 d5 5. exd5 Nxd5 6. Bg2
Nxc3 7. bxc3 Bc5 8. O-O O-O 9. Re1 Re8 10. d4 exd4 11. Rxe8+
Qxe8 12. cxd4 Bd6 13. c4 Bg4 14. Be3 Rd8 15. h3 Bh5 16. Qb3 b6
17. c5 1/2-1/2

[Event "Bled Olympiad"]
[Site "Bled SLO"]
[Date "2002.11.10"]
[EventDate "2002.10.26"]
[Round "14"]
[Result "1/2-1/2"]
[White "John Arni Nilssen"]
[Black "Ehsan Ghaem Maghami"]
[WhiteElo "2385"]
[BlackElo "2511"]
[PlyCount "108"]

1. d4 Nf6 2. c4 e6 3. Nc3 Bb4 4. g3 c5 5. Nf3 Ne4 6. Qd3 cxd4
7. Nxd4 Qa5 8. Nb3 Nxc3 9. Bd2 Ne4 10. Qxe4 Bxd2+ 11. Nxd2 O-O
12. Bg2 Nc6 13. Qd3 d5 14. cxd5 Rd8 15. O-O exd5 16. Nb3 Qb6
17. e3 Bg4 18. Nd4 Rac8 19. Rfc1 Bh5 20. Nxc6 bxc6 21. Qd4 c5
22. Qe5 Be2 23. Bxd5 Qf6 24. Qxf6 gxf6 25. e4 f5 26. Rc3 fxe4
27. Bxe4 Rd2 28. b3 Re8 29. Bf3 Bxf3 30. Rxf3 Re7 31. Rc1 Rxa2
32. Rxc5 Rb7 33. Rg5+ Kf8 34. Rc5 Ra3 35. Rcc3 a5 36. Kg2 Kg7
37. Rc5 Raxb3 38. Rg5+ Kf8 39. Rxb3 Rxb3 40. Rxa5 Kg7 41. Rg5+
Kf6 42. Rg8 Rb2 43. h4 h6 44. g4 Ra2 45. h5 Ra4 46. Kg3 Ra3+
47. f3 Ra4 48. Rb8 Ra6 49. Rb4 Kg7 50. f4 Ra3+ 51. Kh4 f6
52. Rb7+ Kg8 53. Re7 Rf3 54. f5 Ra3 1/2-1/2

[Event "Bled Olympiad"]
[Site "Bled SLO"]
[Date "2002.11.10"]
[EventDate "2002.10.26"]
[Round "14"]
[Result "0-1"]
[White "Y Faraj"]
[Black "Alejandro Ramirez Alvarez"]
[WhiteElo "2217"]
[BlackElo "2421"]
[PlyCount "151"]

1. Nf3 c5 2. c4 Nc6 3. d4 cxd4 4. Nxd4 g6 5. Nc3 Bg7 6. Nc2 f5
7. Bf4 d6 8. Rb1 a6 9. Bd2 Nf6 10. g3 Be6 11. Ne3 Bf7 12. Bg2
e6 13. O-O O-O 14. b3 d5 15. cxd5 exd5 16. Nc2 d4 17. Na4 Nd5
18. Nc5 Qe7 19. Nd3 Rfe8 20. Re1 Rac8 21. e3 Nc3 22. Bxc3 dxc3
23. Qe2 Red8 24. Red1 Rd6 25. Nde1 Rcd8 26. Rxd6 Qxd6 27. Bf3
Nb4 28. Bxb7 Qb6 29. Qf3 Rd2 30. Nxb4 Qxb4 31. Qc6 h6 32. Qc8+
Kh7 33. Qc7 Be6 34. Rc1 Rd7 35. Qc6 Rd6 36. Nc2 Rxc6 37. Nxb4
Rd6 38. Bxa6 Rb6 39. a3 Bxb3 40. Bd3 Rb7 41. Kf1 Ra7 42. Nc2
Bd5 43. Ke2 Ba8 44. Rb1 Rd7 45. Rd1 Bc6 46. f3 h5 47. e4 fxe4
48. Bxe4 Re7 49. Kd3 Bb5+ 50. Ke3 Bh6+ 51. Kf2 Ba4 52. Bd3 Rb7
53. f4 Rb2 54. Rc1 Bf8 55. Kf3 Bc5 56. h3 Kh6 57. g4 h4
58. g5+ Kg7 59. Kg4 Bd7+ 60. f5 Bf2 61. Kf3 Bg3 62. Kg4 Bc8
63. a4 Ra2 64. Ra1 Bxf5+ 65. Bxf5 gxf5+ 66. Kxf5 Rxc2 67. a5
Rf2+ 68. Ke4 Bb8 69. a6 Ba7 70. Ra3 c2 71. Rc3 Kg6 72. Rc4
Kxg5 73. Kd3 Bb6 74. Rg4+ Kf5 75. Rc4 Ba7 76. Kc3 0-1

[Event "Bled Olympiad"]
[Site "Bled SLO"]
[Date "2002.11.10"]
[EventDate "2002.10.26"]
[Round "14"]
[Result "1-0"]
[White "Leighton Williams"]
[Black "Valery Grechihin"]
[WhiteElo "2288"]
[BlackElo "2543"]
[PlyCount "61"]

1. e4 e6 2. Nf3 d5 3. e5 c5 4. b4 cxb4 5. a3 Nh6 6. axb4 Bxb4
7. c3 Be7 8. d4 Nf5 9. Bd3 O-O 10. O-O Nc6 11. g4 Nh4 12. Nxh4
Bxh4 13. f4 Be7 14. g5 g6 15. Rf3 Kg7 16. h4 Rh8 17. h5 h6
18. hxg6 hxg5 19. fxg5 fxg6 20. Rf6 Bxf6 21. gxf6+ Kf8
22. Bxg6 b5 23. Ba3+ b4 24. cxb4 Nxe5 25. b5+ Kg8 26. dxe5
Qb6+ 27. Kg2 Qe3 28. Qg4 Qh6 29. Bh5+ Kh7 30. Bc1 Rg8
31. Qxg8+ 1-0